| 000 | 00533pab a2200181 454500 | ||
|---|---|---|---|
| 008 | 180718b2003 xxu||||| |||| 00| 0 eng d | ||
| 100 | _aBanerjee, Sumanta | ||
| 245 | _a`City of dreadful night': crime and punishment in colonial Calcutta | ||
| 260 | _c2003 | ||
| 300 | _ap.2045-055. | ||
| 362 | _a24 May | ||
| 650 | _aPunishment - India - West Bengal | ||
| 650 | _aPenal sanction - India - West Bengal | ||
| 650 | _aCrime - India - West Bengal | ||
| 650 | _aCrime | ||
| 773 | _aEconomic and Political Weekly | ||
| 909 | _a56495 | ||
| 999 |
_c56495 _d56495 |
||